Tour America in 30 Seconds - Statistics

General Stats
  • This quiz has been taken 857 times
  • The average score is 15 of 50
Answers on the Map
Answers color-coded by a green-red scale on the quiz's map according to % correct below.
 
Answer Stats
State % Correct
Montana
57%
California
54%
Washington
54%
Oregon
53%
Idaho
51%
Nevada
50%
Wyoming
46%
Utah
43%
Arizona
41%
Colorado
40%
North Dakota
40%
Alaska
38%
Minnesota
38%
Texas
38%
New Mexico
36%
Maine
35%
New Hampshire
35%
South Dakota
35%
Nebraska
34%
Missouri
31%
Oklahoma
31%
Iowa
30%
Kansas
30%
Louisiana
30%
Mississippi
30%
Arkansas
29%
Hawaii
29%
Vermont
29%
Wisconsin
29%
Michigan
27%
New York
26%
Alabama
23%
Georgia
23%
Massachusetts
22%
Ohio
22%
Florida
21%
Illinois
21%
North Carolina
21%
South Carolina
21%
Virginia
21%
Pennsylvania
20%
Tennessee
20%
Connecticut
19%
Indiana
19%
Kentucky
19%
Maryland
19%
Rhode Island
18%
West Virginia
18%
New Jersey
16%
Delaware
14%
No matching quizzes found
Score Distribution
Percent of People with Each Score
Percentile by Number Answered
Your Score History
You have not taken this quiz